Dr.Syama Prasad Mookerjee: (Record no. 150897)

MARC details
000 -LEADER
fixed length control field 00814nam a22002177a 4500
005 - DATE AND TIME OF LATEST TRANSACTION
control field 20180510171310.0
010 ## - LCCN (DPL NO)
LC control number B-690872-873 ENG-122976
020 ## - INTERNATIONAL STANDARD BOOK NUMBER
Terms of availability 495.00
International Standard Book Number 9789383514083
035 ## - SYSTEM CONTROL NUMBER
System control number B-690872-873 EN-106508
037 ## - SOURCE OF ACQUISITION
Source of stock number/acquisition Pansy
037 ## - SOURCE OF ACQUISITION
Source of stock number/acquisition DBAD/PUB.
082 ## - DEWEY DECIMAL CLASSIFICATION NUMBER
Classification number 921
100 ## - MAIN ENTRY--PERSONAL NAME
Personal name Verma, Mohan
245 ## - TITLE STATEMENT
Title Dr.Syama Prasad Mookerjee:
Statement of responsibility, etc by Mohan Verma
Remainder of title the great hindu nationalist /
260 ## - PUBLICATION, DISTRIBUTION, ETC. (IMPRINT)
Place of publication, distribution, etc New Delhi
Name of publisher, distributor, etc Lucky International
Date of publication, distribution, etc 2015
270 ## - ADDRESS
Address H-16/1922, Sangam Vihar
City New Delhi
Postal code 110080
Telephone number 07838260289
Electronic mail address luckybk05@yahoo.co.in
300 ## - PHYSICAL DESCRIPTION
Extent 180p.
Dimensions 23cm(Hb)
500 ## - GENERAL NOTE
General note Balidani
942 ## - ADDED ENTRY ELEMENTS (KOHA)
Source of classification or shelving scheme Dewey Decimal Classification
Item type English Books
Classification part 921
Call number suffix VER
Holdings
Withdrawn status Lost status Not for loan Collection code Home library Current library Date acquired Source of acquisition Cost, normal purchase price Full call number Barcode Copy number Cost, replacement price Koha item type Public note
      Non-fiction Central Library Central Library 09/04/2018 Pansy 1721/05.03.2018/795/19.02.2018/12.03.2018 495.00 921 VER B-690872 1 495.00 English Books Balidani
    Not For Loan Non-fiction D.B.Act.Division Central Library 11/05/2018 DBAD/PUB 495.00 921 VER EN-106508 1 495.00 English Books  
      Non-fiction Sarojini Nagar Sarojini Nagar 09/04/2018 Pansy 1721/05.03.2018/795/19.02.2018/12.03.2018 495.00 921 VER B-690873 1 495.00 English Books Balidani

© Delhi Public Library
Hit Counter
free hit counter